Diccionario de historia de la fotografía (Registro nro. 22010)

Detalles MARC
000 -Cabecera
Campo de control interno 00879nam a2200265Ia 4500
005 - Fecha y hora del registro
control field 20260320113333.0
008 - Elementos de Longitud Fija
fixed length control field 260320s9999||||xx |||||||||||||| ||und||
020 ## - ISBN
ISBN 9788437625744
041 ## - Idioma
Codigo Idioma ESP
082 ## - DEWEY y NOTACIÓN INTERNA
Dewey HR 770.9003
Notación Interna S72
100 ## - AUTOR
Autor denominación Sougez, Marie-Loup,
Término de relación autor
245 #0 - TÍTULO DE MATERIAL BIBLIOGRÁFICO
Título Diccionario de historia de la fotografía
Título paralelo
246 ## - TÍTULO TRADUCIDO
Título
Título paralelo
Autor
250 ## - EDICIÓN
Edición Segunda edición revisada y aumentada
260 ## - CIUDAD, EDITORIAL, AÑO
Ciudad Madrid :
Nombre de la Editorial Ediciones Cátedra,
Año 2009
300 ## - DESCRIPCIÓN
N° Páginas 590 páginas :
Otros detalles
Dimensiones 18 cm.
Material Adicional
440 ## - MENCIÓN DE SERIE
Título de la Serie (Cuadernos de arte
Número de Serie ; número 43)
Volumen de Serie
650 ## - TEMAS
Temas Las Artes
653 ## - DESCRIPTORES
Lenguajes no controlado Fotografía - Historia - Diccionario
654 ## - PROGRAMAS
Programa Dpto. Arquitectura y Urbanismo
700 ## - OTROS AUTORES
Otros autores Pérez Gallardo, Helena,
Títulos y otras palabras asociadas con el nombre autor
856 ## - URL - UBICACIÓN
URI/URL: Enlace exacto del recurso <a href="https://0u20fmvdd-y-https-research-ebsco-com.itmsp.museknowledge.com/c/qxo6us/search">https://0u20fmvdd-y-https-research-ebsco-com.itmsp.museknowledge.com/c/qxo6us/search</a>
Nota pública: Versión digital <a href="Véase además: Base de datos EBSCOhost">Véase además: Base de datos EBSCOhost</a>
942 ## - ELEMENTOS DE KOHA
Tipo de documento Libro
Nombre del creador Justo Noguera
Código de catalogador Margarita Torres
Esquema de clasificación Dewey Decimal Classification
Suppress in OPAC
Existencias
Codigo completo Registro Colección Copia número Disponibilidad Tipo de préstamo Biblioteca Actual Procedencia (Biblioteca) Ubicacón Fecha Ingreso Tipo de Adquisición Observación Date last seen Total checkouts Price effective from Tipo de Item Estado del Material Fuente de Clasificación Damaged status Withdrawn status
HR 770.9003 S72 1086579 Universidad Católica San Pablo 1 Disponible Disponible Víctor Andrés Belaunde Víctor Andrés Belaunde Planta baja abierta 10/03/2026 Compra Biblioteca 20/03/2026   20/03/2026 Libro Bueno Dewey Decimal Classification